00702cam a22002171 4500001001300000003000400013005001700017008004100034010001700075035001900092040002400111050002600135110004200161245006600203260005700269300004200326490002500368650003200393710004200425999001700467e 32000016 DLC20260227111221.0800320s1929 nyu 000 0 eng  ae 32000016  a(OCoLC)6108211 aDLCcVidOCoLCdDLC00aHD6250.U3bN2 no. 3532 aNational Child Labor Committee (U.S.)04aThe work of the National Child Labor Committee, 1904 to 1929. a[New York, N.Y.,bHerald-Nathan Press, inc.,c1929?] a1 p. l., 12 p., 1 l.bdiagrs.c23 cm.0 aPublicationvno. 353 0aChild laborzUnited States.2 aNational Child Labor Committee (U.S.) c21166d21166